UBT Library

Robert's Rules of Order / (Record no. 345)

000 -LEADER
fixed length control field 00728cam a22002413u 4500
005 - DATE AND TIME OF LATEST TRANSACTION
control field 20131125054016.0
008 - FIXED-LENGTH DATA ELEMENTS--GENERAL INFORMATION
fixed length control field 131125b xxu||||| |||| 00| 0 eng d
020 ## - INTERNATIONAL STANDARD BOOK NUMBER
International Standard Book Number 0515090328
041 ## - LANGUAGE CODE
Language code of text/sound track or separate title eng
080 ## - UNIVERSAL DECIMAL CLASSIFICATION NUMBER
Universal Decimal Classification number 342.5
100 1# - Rafti
Rafti Robert, Henry M.,
100 1# - Rafti
-- 1837-1923.
210 10 - ABBREVIATED TITLE
Abbreviated title Robert's Rules of Order
245 10 - TITLE STATEMENT
Title Robert's Rules of Order /
Statement of responsibility, etc Robert, Henry M.
260 ## -
-- New York :
-- Jove books ;
-- 1977.
300 ## -
-- 294 f. :
-- 18 cm.
500 ## -
-- Preface : f. 17-18
505 ## -
-- Includes index.
506 ## - RESTRICTIONS ON ACCESS NOTE
Terms governing access <br/>
650 #0 -
-- Ligji
650 #0 -
-- Rregullat e rendit
856 40 -
-- http://www.columbia.edu/cgi-bin/cul/resolve?clio8995671
-- Full text available from Project Gutenberg Online Catalog
942 ## - ADDED ENTRY ELEMENTS (KOHA)
Source of classification or shelving scheme
Item type Books
Holdings
Withdrawn status Lost status Source of classification or shelving scheme Damaged status Not for loan Collection code Permanent location Current location Shelving location Date acquired Total Checkouts Full call number Barcode Date last seen Price effective from Koha item type
          Koleksioni i përgjithshem UBT - Prishtine UBT - Prishtine Koleksioni i përgjithshem 11/25/2013   342.5 ROB 001-000453 11/25/2013 11/25/2013 Books
UBT Library © 2015-2024. All rights reserved University Education for Business and Technology